[Event "Subotica-ch op"]
[Site "Subotica"]
[Date "2016.02.24"]
[Round "2"]
[White "Lanji, Laslo"]
[Black "Szabo, Nikita"]
[Result "1/2-1/2"]
[WhiteElo "1853"]
[BlackElo "1675"]
[PlyCount "102"]
[EventDate "2016.02.22"]
[EventType "swiss"]
[EventRounds "9"]
[EventCountry "SRB"]
[SourceTitle "CBM 171 Extra"]
[Source "ChessBase"]
[SourceDate "2016.04.26"]
[SourceVersion "1"]
[SourceVersionDate "2016.04.26"]
[SourceQuality "1"]

1. e4 c6 2. Nf3 d5 3. exd5 cxd5 4. d4 Bg4 5. c3 e6 6. Qa4+ Nd7 7. Bb5 Bxf3 8. gxf3 Ngf6 9. Bg5 a6 10. Bd3 Bd6 11. Nd2 b5 12. Qc2 Qc7 13. h3 h6 14. Be3 Nb6 15. b3 Bf4 16. Rg1 g5 17. Rg2 Rc8 18. 0-0-0 Qxc3 19. Kb1 Qb4 20. Qb2 Bxe3 21. fxe3 Qc3 22. Nf1 Qxb2+ 23. Kxb2 Ke7 24. Rc1 Rxc1 25. Kxc1 Rc8+ 26. Kd2 Kd6 27. h4 gxh4 28. Rh2 Rg8 29. Rxh4 Rg2+ 30. Be2 h5 31. e4 dxe4 32. fxe4 e5 33. Ne3 Rg5 34. d5 Kc5 35. Nc2 a5 36. a3 b4 37. axb4+ axb4 38. Ke3 Nc8 39. Rh3 Nd6 40. Bf3 Nb5 41. Rh1 Rg3 42. Ke2 Nc3+ 43. Kf2 Ncxe4+ 44. Ke2 Nc3+ 45. Kf2 Nfe4+ 46. Bxe4 Nxe4+ 47. Ke2 Rxb3 48. Rh4 Kxd5 49. Ne3+ Kd4 50. Nf5+ Kd5 51. Ne3+ Kd4 1/2-1/2

[Event "Subotica-ch"]
[Site "Subotica"]
[Date "2015.02.27"]
[Round "6"]
[White "Miljkovic, Vukasin"]
[Black "Lanji, Laslo"]
[Result "1-0"]
[WhiteElo "1715"]
[BlackElo "1851"]
[PlyCount "47"]
[EventDate "2015.02.16"]
[EventType "swiss"]
[EventRounds "9"]
[EventCountry "SRB"]
[SourceTitle "CBM 165 Extra"]
[Source "ChessBase"]
[SourceDate "2015.04.21"]
[SourceVersion "1"]
[SourceVersionDate "2015.04.21"]
[SourceQuality "1"]

1. e4 e5 2. Bc4 d6 3. c3 Nf6 4. d3 Be7 5. h3 a6 6. Be3 Nc6 7. Nd2 Na5 8. Qa4+ Nc6 9. Bd5 Nxd5 10. exd5 b5 11. Qc2 Nb8 12. b4 Bb7 13. c4 c6 14. dxc6 Bxc6 15. Ngf3 Nd7 16. 0-0 0-0 17. Nh2 f5 18. f4 Rc8 19. Qb3 Kh8 20. Rac1 Nb6 21. Nhf3 e4 22. Nd4 exd3 23. Ne6 Qe8 24. Nxf8 1-0

[Event "Subotica-ch"]
[Site "Subotica"]
[Date "2008.02.18"]
[Round "1"]
[White "Kosa, Jeno"]
[Black "Lanji, Laslo"]
[Result "1-0"]
[WhiteElo "2136"]
[BlackElo "1890"]
[PlyCount "135"]
[EventDate "2008.02.18"]
[EventType "swiss"]
[EventRounds "9"]
[EventCountry "YUG"]
[SourceTitle "CBM 123 Extra"]
[Source "ChessBase"]
[SourceDate "2008.05.06"]
[SourceVersion "1"]
[SourceVersionDate "2008.05.06"]
[SourceQuality "1"]

1. e4 e5 2. Nf3 d6 3. d4 Bg4 4. dxe5 Bxf3 5. Qxf3 dxe5 6. Qb3 b6 7. Bc4 Qe7 8. 0-0 Nf6 9. Nc3 g6 10. Bg5 c6 11. f4 b5 12. Bxf7+ Qxf7 13. Qxf7+ Kxf7 14. fxe5 Ke6 15. exf6 Bd6 16. Ne2 Be5 17. Nf4+ Kf7 18. Nd3 Re8 19. Rae1 Nd7 20. Nxe5+ Nxe5 21. Bf4 Rad8 22. Rd1 Kxf6 23. Be3+ Ke6 24. Bg5 Rxd1 25. Rxd1 Rf8 26. b3 Nf7 27. Rf1 h6 28. Bxh6 Rh8 29. Be3 Rh4 30. Rf4 Rh8 31. Rf1 Rh4 32. Bf4 Rh8 33. Rd1 Rh5 34. Rd2 Rc5 35. h3 a5 36. Kf2 a4 37. Kf3 Rc3+ 38. Ke2 axb3 39. axb3 c5 40. Kd1 g5 41. Bc7 c4 42. b4 Re3 43. Rd5 Rxe4 44. Rxb5 c3 45. Rc5 Rd4+ 46. Ke1 Rd2 47. Rxc3 Rxg2 48. b5 Rg1+ 49. Kf2 Rb1 50. b6 Kd7 51. Kf3 Kc8 52. Bg3+ Kd8 53. Rc7 Ke8 54. b7 Nd8 55. b8Q Rxb8 56. Re7+ Kxe7 57. Bxb8 Kf6 58. Ke4 Ke6 59. Bg3 Nf7 60. c4 Nd8 61. Bf2 Nf7 62. Bc5 Ne5 63. Kd4 Nf3+ 64. Kc3 Ne5 65. Be3 Nf3 66. Kb4 Kd6 67. Kb5 Kc7 68. Kc5 1-0